[Event "London CC-ch B"]
[Site "London,Canada"]
[Date "2009.06.11"]
[Round "13"]
[White "Augustine, Steve"]
[Black "Gibson, Brian"]
[Result "0-1"]
[WhiteElo "1163"]
[BlackElo "1012"]
[PlyCount "30"]
[EventDate "2009.03.19"]
[EventType "swiss"]
[EventRounds "13"]
[EventCountry "CAN"]
[SourceTitle "EXT 2022"]
[Source "ChessBase"]
[SourceDate "2021.10.06"]
[SourceVersion "1"]
[SourceVersionDate "2021.10.06"]
[SourceQuality "1"]

1. e4 e5 2. Nc3 Nf6 3. Nf3 Bc5 4. Nxe5 d6 5. Nc4 Nc6 6. Be2 Be6 7. 0-0 0-0 8. d3 Qd7 9. Bf3 Bg4 10. Na4 Bxf3 11. gxf3 Qh3 12. Nxc5 dxc5 13. Be3 Nd4 14. Na5 Nxf3+ 15. Kh1 Qxh2# 0-1

[Event "London CC-ch B"]
[Site "London,Canada"]
[Date "2009.05.21"]
[Round "10"]
[White "Gibson, Brian"]
[Black "Killi, Steve"]
[Result "0-1"]
[WhiteElo "1012"]
[BlackElo "1238"]
[PlyCount "74"]
[EventDate "2009.03.19"]
[EventType "swiss"]
[EventRounds "13"]
[EventCountry "CAN"]
[SourceTitle "EXT 2022"]
[Source "ChessBase"]
[SourceDate "2021.10.06"]
[SourceVersion "1"]
[SourceVersionDate "2021.10.06"]
[SourceQuality "1"]

1. e4 c6 2. d4 d5 3. exd5 cxd5 4. Nf3 Bg4 5. Bb5+ Nd7 6. 0-0 Ngf6 7. h3 Bh5 8. Re1 e6 9. Bf4 Qb6 10. Qd3 Bd6 11. Ne5 Qc7 12. Bxd7+ Nxd7 13. Nd2 0-0 14. c4 Nxe5 15. dxe5 Be7 16. cxd5 Qb6 17. Nc4 Qb5 18. d6 Rfd8 19. a4 Qc5 20. Be3 Qc6 21. b4 Bf8 22. b5 Qd7 23. Rac1 f6 24. b6 a6 25. exf6 Bxd6 26. f7+ Bxf7 27. Bg5 Bh2+ 28. Kxh2 Qxd3 29. Bxd8 Qxd8 30. Rcd1 Qg5 31. Rd7 Qf4+ 32. Kg1 Qxc4 33. Red1 g6 34. Rxb7 Qxa4 35. Rd6 Qa1+ 36. Kh2 Qe5+ 37. g3 Qxd6 0-1

[Event "London CC-ch B"]
[Site "London,Canada"]
[Date "2009.04.23"]
[Round "6"]
[White "Bennett MacDonald, Joshua"]
[Black "Gibson, Brian"]
[Result "0-1"]
[WhiteElo "1128"]
[BlackElo "1012"]
[PlyCount "48"]
[EventDate "2009.03.19"]
[EventType "swiss"]
[EventRounds "13"]
[EventCountry "CAN"]
[SourceTitle "EXT 2022"]
[Source "ChessBase"]
[SourceDate "2021.10.06"]
[SourceVersion "1"]
[SourceVersionDate "2021.10.06"]
[SourceQuality "1"]

1. e4 e5 2. Nf3 Nf6 3. Nxe5 d6 4. Nf3 Be7 5. e5 dxe5 6. Nxe5 Be6 7. Bb5+ Bd7 8. Bxd7+ Nbxd7 9. Qe2 0-0 10. 0-0 Nxe5 11. Qxe5 Re8 12. Qg3 Bd6 13. f4 Qd7 14. d4 c5 15. dxc5 Bxc5+ 16. Kh1 Re2 17. f5 Rxc2 18. Bh6 g6 19. fxg6 hxg6 20. Re1 Re8 21. Rxe8+ Qxe8 22. Nc3 Rxb2 23. Re1 Qc6 24. Qe5 Qxg2# 0-1

[Event "London CC-ch B"]
[Site "London,Canada"]
[Date "2009.03.19"]
[Round "1"]
[White "Gibson, Brian"]
[Black "Hong, Emilio"]
[Result "0-1"]
[WhiteElo "1012"]
[BlackElo "1486"]
[PlyCount "98"]
[EventDate "2009.03.19"]
[EventType "swiss"]
[EventRounds "13"]
[EventCountry "CAN"]
[SourceTitle "EXT 2022"]
[Source "ChessBase"]
[SourceDate "2021.10.06"]
[SourceVersion "1"]
[SourceVersionDate "2021.10.06"]
[SourceQuality "1"]

1. d4 Nf6 2. Nf3 d5 3. e3 Bf5 4. Nc3 e6 5. Bd3 Ne4 6. 0-0 c5 7. Bxe4 dxe4 8. Nd2 cxd4 9. exd4 Qxd4 10. Nb3 Qxd1 11. Rxd1 a6 12. Bg5 Nc6 13. Nd4 Nxd4 14. Rxd4 Bc5 15. Rd2 0-0 16. Rad1 f6 17. Be3 Bxe3 18. fxe3 Bg4 19. Rc1 Rfd8 20. Nxe4 Rxd2 21. Nxd2 Rd8 22. Nc4 b5 23. h3 bxc4 24. hxg4 Rd2 25. b3 c3 26. b4 Re2 27. a4 Rxe3 28. b5 Re4 29. b6 Rb4 30. a5 Rb5 31. Rd1 Kf7 32. Rd3 Rxa5 33. Rd7+ Kg6 34. b7 Rb5 35. Rc7 a5 36. Rxc3 Rxb7 37. Rc8 a4 38. c4 a3 39. Ra8 Rc7 40. Ra4 a2 41. Rxa2 Rxc4 42. Re2 e5 43. Rf2 Rxg4 44. Re2 h5 45. Kf2 h4 46. Re3 Kf5 47. Rf3+ Rf4 48. Rxf4+ Kxf4 49. g3+ hxg3+ 0-1